000 00645nam a2200217Ia 4500
005 20241129105801.0
008 241129s9999||||xx |||||||||||||| ||und||
020 _a978-81-7110-794-0
037 _aTB
040 _aARTS
_beng
_cARTS
041 _aeng
_2eng
084 _aNA44,2:3(Delta:864) R2
_qARTS
100 _aArya Satish Au.
_9724723
245 0 _aVishvakarma prakash : science of architecture
_cArya Satish Au.
260 _aDelhi, India
_bParimal Publications
_c2022
300 _a480p.
365 _aINR
_b795
650 _aArtsArchitecture
942 _cTB
_hNA44,2:3(Delta:864) R2
999 _c1225920
_d1225920